000 00438nam a22001697a 4500
005 20160628143514.0
008 160628b xxu||||| |||| 00| 0 eng d
020 _a978-0-275-99498-3
041 _aeng
082 _b10928
100 _aChambers, K. Dennis
_93072
245 _aThe Enter preneurs Guide to Writing Business plans and Proposals
260 _bMac Millan
_c2008
300 _a168
650 _aManagement
_9241
942 _cBK
999 _c4459
_d4458